| 000 | 00686nam a2200229 a 4500 | ||
|---|---|---|---|
| 001 | BRCA_6123 | ||
| 005 | 20190320205337.0 | ||
| 008 | 050711s1925----gw-abo####---#000-0#ger-# | ||
| 041 | _ager | ||
| 044 | _agw | ||
| 050 | 4 |
_aDS710 _b.F47 1925 |
|
| 100 | 1 |
_aFilchner, Wilhelm _d1877-1957 _915454 |
|
| 245 | 1 | 0 |
_aTschung-Kue _bdas reich der Mitte _cWilhelm Filchner. |
| 260 |
_aBerlín _bDeutsche Buch-Gemeins-Chaft _cc1925 |
||
| 300 |
_aviii, 358 p. _bil., mapas, fotografías _c19 cm. |
||
| 500 | _aCon firma de Franz Mayer en la portada | ||
| 500 | _aIncluye índice alfabético | ||
| 500 | _aK25 | ||
| 650 | 1 | 4 |
_aChina _eDescripción y viajes _915455 |
| 902 | _aGFM | ||
| 942 |
_2lcc _cB |
||
| 999 |
_c5810 _d5810 |
||